Villes hôtes des Jeux Olympiques - Statistiques

Statistiques générales
  • Ce quiz a été pris 153 fois
  • Le résultat moyen est 26 sur 32
Statistiques - réponses
Année Ville % Correct
1900 Paris
99%
1924 Paris
99%
2024 Paris
99%
1908 Londres
98%
1948 Londres
98%
2012 Londres
98%
1932 Los Angeles
98%
1984 Los Angeles
98%
2028 Los Angeles
98%
1964 Tokyo
95%
2020 Tokyo
95%
1896 Athenes
94%
2004 Athenes
94%
2016 Rio
94%
1936 Berlin
93%
1992 Barcelone
91%
2000 Sydney
89%
1980 Moscou
87%
1960 Rome
86%
1968 Mexico
78%
1996 Atlanta
74%
1972 Munich
71%
2008 Beijing
70%
1988 Séoul
69%
1928 Amsterdam
66%
1976 Montreal
66%
1952 Helsinki
64%
1912 Stockholm
62%
1956 Melbourne
50%
2032 Brisbane
44%
1920 Anvers
43%
1904 Saint-Louis
37%
Aucun quiz correspondant
Distribution des résultats
% des personnes avec chaque résultat
Percentile par nombre de réponses
Votre historique - résultats
Vous n’avez pas pris ce quiz